000 00894nam a22002657a 4500
001 132650
003 UA-OsUOA
005 20220402180534.0
007 ta
008 20180828b un ||||| |||| 00| 0 ukr d
020 _a9786177310197
040 _aUA-OsUOA
_bukr
_cUA-OsUOA
_dUA-OsUOA
041 _aukr
080 _a94(477-25)(082)
090 _a94(477-25)(082)
_bА72
245 _aАнтропологія простору
_bзбірник наукових праць та матеріалів у 4 томах
_cнаук. ред. М. Гримич
260 _aК.
_bДуліби
_c2017
300 _a316 с.
505 _gТ. 1
_tКультурний ландшафт Києва та околиць
650 7 _a94 Історія
_2UDC
700 1 _aГримич М.
_eнаук. ред.
942 _cBK
_2udc
955 _a1
999 _c421144
_d421144